Tilastot visalle Liput, joissa on vain kaksi väriä

Klikkaa tästä pelataksesi tätä visaa!

Yleistilastot

  • Tätä visaa on pelattu 1 263 kertaa
  • Keskiarvotulos 18 / 38

Vastaustilastot

country% Oikein
Suomi
95%
Puola
94%
Ruotsi
92%
Ukraina
92%
Tanska
77%
Monaco
75%
Japani
72%
Indonesia
71%
Kiina
71%
Kanada
64%
Latvia
62%
Kreikka
57%
Turkki
52%
Sveitsi
49%
Qatar
48%
Itävalta
46%
Pakistan
44%
Saudi-Arabia
42%
Kazakstan
40%
Bahrain
39%
Peru
39%
Vietnam
39%
Israel
38%
Albania
37%
Afganistan
37%
Marokko
36%
Nigeria
36%
Bangladesh
35%
Singapore
34%
Somalia
34%
Tunisia
34%
Palau
30%
Pohjois-Makedonia
24%
Georgia
22%
Kirgisia
22%
Mikronesia
20%
Tonga
20%
Honduras
18%

Tulosjakauma

Persentiili vastausten määrän mukaan

Jokaisen tuloksen saaneiden osuus

Tuloshistoriasi

Et ole pelannut tätä visaa